Welcome to childcraft : This parent manual will help you and your child get the best from your childcraft set (Record no. 160117)

MARC details
000 -LEADER
fixed length control field 00406nam a2200133Ia 4500
005 - DATE AND TIME OF LATEST TRANSACTION
control field 20240821160337.0
008 - FIXED-LENGTH DATA ELEMENTS--GENERAL INFORMATION
fixed length control field 240821s9999||||xx |||||||||||||| ||und||
082 ## - DEWEY DECIMAL CLASSIFICATION NUMBER
Classification number 030 CHI (R-E)
245 #0 - TITLE STATEMENT
Title Welcome to childcraft : This parent manual will help you and your child get the best from your childcraft set
260 ## - PUBLICATION, DISTRIBUTION, ETC.
Place of publication, distribution, etc. Kent
Name of publisher, distributor, etc. World book
Date of publication, distribution, etc. 1988
300 ## - PHYSICAL DESCRIPTION
Extent 64p.
650 ## - SUBJECT ADDED ENTRY--TOPICAL TERM
Topical term or geographic name entry element Child education
942 ## - ADDED ENTRY ELEMENTS (KOHA)
Koha item type Book
Holdings
Withdrawn status Lost status Damaged status Not for loan Home library Current library Date acquired Total checkouts Barcode Date last seen Price effective from Koha item type
        Library and Documentation Division NCERT Library and Documentation Division NCERT 08/21/2024   F18109 08/21/2024 08/21/2024 Book